000 00730nam a2200289Ia 4500
005 20260324140020.0
008 008 260324s9999 xx 000 0 eng d
020 _a9780429231803
037 _aEBOOK
040 _aCRL
040 _beng
040 _cCRL
041 _2eng
041 _aeng
084 _qCRL
100 _aClaudio Sardoni; Peter Kriesler
_91202808
245 0 _aKeynes, Post-Keynesianism and Political Economy
245 0 _bEssays in Honour of Geoff Harcourt, Volume III
260 _bTaylor and Francis
260 _c1999
365 _a
365 _b350
856 _uhttp://www.taylorfrancis.com/books/9780429231803
942 _cEBOOK
999 _c1804428
_d1804428